Negros en América

שמור ב:
מידע ביבליוגרפי
מחבר ראשי: Martínez Montiel, Luz María (autora)
פורמט: ספר
שפה:ספרדית
יצא לאור: Madrid MAPFRE 1992
סדרה:Colección América, Crisol, 2
נושאים:
תגים: הוספת תג
אין תגיות, היה/י הראשונ/ה לתייג את הרשומה!

MARC

LEADER 00000nam a2200000 a 4500
001 UCX6963
003 CL-VaPUC
008 930902e19920000SP |||||||||||||||||spa|d
082 0 4 |a 980  |b MAR  |2 21 
100 |a Martínez Montiel, Luz María  |e autora  |9 323665 
245 1 0 |a Negros en América 
300 |a 372 p 
942 |c BK 
945 |d 19930902 00:00:00 
260 |a Madrid  |b MAPFRE  |c 1992 
650 7 |a NEGROS HISTORIA  |2 CL-VaPUC  |9 323666 
650 0 |a Afroamericanos   |9 718656 
650 7 |a EMIGRACION E INMIGRACION SIGLOS 19-20  |2 CL-VaPUC  |9 323668 
651 0 |a América Latina   |9 255027 
583 |a last modification  |c 19930902 00:00:00  |k Rodrigo Vera 
490 0 |a Colección América, Crisol, 2 
999 |c 226893  |d 226891 
952 |0 0  |1 0  |4 0  |6 980_000000000000000_MAR_1992  |7 0  |8 A  |9 225548  |a BIBHIS  |b BIBHIS  |d 2019-11-15  |i 2942275  |l 1  |o 980 MAR 1992  |p 2942275  |r 2025-01-20  |s 2022-05-24  |w 2019-11-15  |y BK  |k HIS